00474nam a2200169 a 450000100100000000500170001000800410002702000150006810000230008324000390010624500510014526000320019630000210022849000210024983000210027004000130029100003805620201002031150.0130312s1985 mx 000 0 spa d a96884713131 aRemarque, Erich M.10aIm Westen nichts Neues.lespañol10aSin novedad en el frente /cErich M. Remarque. aMéxico :bPlaneta,c1985. a222 p. ;c22 cm. aBest Sellersv22 0aBest Sellersn22 aDO-SdBNP